Krátkodobá predikcia vývoja slovenskej ekonomiky diplomová práca

Salvato in:
Dettagli Bibliografici
Autore principale: Fáriková, Dominika
Ente Autore: Národohospodárska fakulta EU. Katedra hospodárskej politiky
Altri autori: Pobudová, Daniela, 1982-
Natura: Libro
Lingua:slovacco
Pubblicazione: Bratislava 2018
Tags: Aggiungi Tag
Nessun Tag, puoi essere il primo ad aggiungerne!!

MARC

LEADER 00000nbm a2200000 4500
001 0244330
005 20181114091843.6
041 0 |a slo 
044 |a SK 
245 1 0 |a Krátkodobá predikcia vývoja slovenskej ekonomiky  |b diplomová práca  |c Dominika Fáriková ; školiteľ: Daniela Pobudová 
264 1 |a Bratislava  |c 2018 
300 |a 78 s. 
100 1 |a Fáriková, Dominika 
700 1 |a Pobudová, Daniela, 1982- 
710 2 |a Národohospodárska fakulta EU. Katedra hospodárskej politiky